000 01113nam a22003377a 4500
001 BR7200282
003 BR-BrBNA
005 20230928083748.0
007 ta
008 230509b bl.||||| |||| 00| 0 por d
040 _aBR-BrBNA
_bpor
_cBiblioteca Nacional de Agricultura
041 _a(Por)
072 _aE70; E15
_b1110
_b0331
_b9590
_b/G514
090 _ 1110 BR7200282
110 1 _aGrupo Executivo de Irrigacao para o Desenvolvimento Agricola, Rio de Janeiro, RJ (Brasil);
_95485
110 1 _aFundacao Centro Tropical de Pesquisas e Tecnologia de Alimentos, Campinas, SP (Brasil)
_94820
245 1 _aContribuicao ao desenvolvimento da agroindustria: abacate, mamona [Comercializacao; Microeconomia; Brasil]
_bv. 3
260 3 _aRio de Janeiro, RJ (Brasil):
_c1972.
300 _a106 p.
650 _aComercializacao
650 _aMicroeconomia
650 _aAbacate
650 _aMamona
650 _aOleo vegetal
650 _aIndustria agricola
650 _aEconomia da producao
650 _aMercado
650 _aExportacao
909 _a202309
_bLucia
_c55
_dLucia Elande
942 _cBK
999 _c15115
_d15115